DROPS ONLY #1 : Martin Garrix - Tomorrowland 2022 W2 - Statistiques

Statistiques générales
  • Ce quiz a été pris 22 fois
  • Le résultat moyen est 11 sur 27
Statistiques - réponses
Hint Réponse % Correct
31:13 Martin Garrix - Animals
94%
39:58 Dimitri Vegas & Like Mike & Martin Garrix - Tremor (Sensation 2014 Anthem)
78%
55:06 Martin Garrix (feat. Bonn) - High On Life
72%
58:33 Martin Garrix & DubVision ft. Shaun Farrugia - Starlight (Keep Me Afloat)
67%
2:34 Martin Garrix - Poison
61%
42:12 Martin Garrix & Brooks - Quantum
56%
10:42 Martin Garrix & Sentinel feat. Bonn - Hurricane
56%
45:11 Martin Garrix & Zedd ft. Emily Warren - Follow
56%
35:16 Martin Garrix & Mesto - Limitless
50%
3:34 Martin Garrix & Brooks - Byte
44%
21:18 Matisse & Sadko, Michel Zitron - Afterglow VS Adele - Easy On Me
39%
50:06 Martin Garrix & Blinders - Aurora
33%
6:37 Martin Garrix & Breathe Carolina - Something
33%
27:08 Martin Garrix, DallasK & Sasha Alex Sloan - Loop
33%
8:58 Martin Garrix & Julian Jordan - Funk
33%
37:15 Vluarr & GRX & Thomas Nan - No More
33%
48:39 Martin Garrix & DubVision ft. Jordan Grace - Oxygen
28%
33:46 Martin Garrix & Jay Hardway - Spotless
28%
20:04 Martin Garrix - Pizza
28%
12:26 Lewis Capaldi - Someone You Loved (Martin Garrix Remix)
22%
24:18 Martin Garrix & Julian Jordan - Glitch
22%
36:15 Martin Garrix & Matisse & Sadko - Good Morning
22%
26:09 Martin Garrix & Third ≡ Party - Lions In The Wild
22%
32:47 Martin Garrix - Yottabyte
22%
16:20 Martin Garrix feat. John Martin - Higher Ground
17%
5:03 Swedish House Mafia - It Gets Better
17%
29:37 Space Ducks - Panic
11%
Aucun quiz correspondant
Distribution des résultats
% des personnes avec chaque résultat
Percentile par nombre de réponses
Votre historique - résultats
Vous n’avez pas pris ce quiz